Welcome to CU Library Online Public Access Catalogue (OPAC)

Using Dos 5.0 / (Record no. 856)

MARC details
000 -LEADER
fixed length control field 00609nam a2200205 a 4500
001 - CONTROL NUMBER
control field 2980951
005 - DATE AND TIME OF LATEST TRANSACTION
control field 20241108105900.0
008 - FIXED-LENGTH DATA ELEMENTS--GENERAL INFORMATION
fixed length control field 930320s1993 nyua 001 0 eng
020 ## - INTERNATIONAL STANDARD BOOK NUMBER
International Standard Book Number 0070568529 (pbk.)
020 ## - INTERNATIONAL STANDARD BOOK NUMBER
International Standard Book Number 0079114938 (text with 5 1/4" data disk)
020 ## - INTERNATIONAL STANDARD BOOK NUMBER
International Standard Book Number 0079114946 (text with 3 1/2" data disk)
050 00 - LIBRARY OF CONGRESS CALL NUMBER
Classification number QA76.76.O63
Item number S3843 1993
082 00 - DEWEY DECIMAL CLASSIFICATION NUMBER
Classification number 005.4/469
Edition information 20
100 1# - MAIN ENTRY--PERSONAL NAME
Personal name Schmitz, Ruth.
245 10 - TITLE STATEMENT
Title Using Dos 5.0 /
Statement of responsibility, etc. Ruth Schmitz.
260 ## - PUBLICATION, DISTRIBUTION, ETC.
Place of publication, distribution, etc. New York :
Name of publisher, distributor, etc. Mitchell McGraw-Hill,
Date of publication, distribution, etc. c1993.
300 ## - PHYSICAL DESCRIPTION
Extent ix, 374 p. :
Other physical details ill. ;
Dimensions 28 cm.
500 ## - GENERAL NOTE
General note Includes index.
942 ## - ADDED ENTRY ELEMENTS (KOHA)
Source of classification or shelving scheme Library of Congress Classification
Koha item type Books
Suppress in OPAC No
999 ## -
-- 856
-- 856
Holdings
Withdrawn status Lost status Source of classification or shelving scheme Damaged status Not for loan Collection Home library Current library Shelving location Date acquired Total checkouts Full call number Barcode Date last seen Copy number Price effective from Koha item type
    Library of Congress Classification     Non-fiction Science Library (Miotso) Science Library (Miotso) General stacks 11/08/2024   QA786.76 .O63 SCH SLM00000459 11/08/2024 1 11/08/2024 Books
    Library of Congress Classification     Non-fiction Science Library (Miotso) Science Library (Miotso) General stacks 11/08/2024   QA786.76 .O63 SCH SLM00000460 11/08/2024 2 11/08/2024 Books
© 2023-2024 Copyright: Central University Libraries. All Rights Reserved | Created by: Mahone Tech Office